000 00279nam a22001097a 4500
008 160623b xxu||||| |||| 00| 0 eng d
100 _9657
_a Tirkey, B
245 _aThe Smiling Uraon
260 _aPatne
_b Navjyoti Niketan
_c1989
300 _aThe Smiling Uraon
942 _2ddc
_cBK
999 _c536
_d536